| 000 | 00536nam a22001697u 4500 | ||
|---|---|---|---|
| 008 | 130405s2004-2005xu||||| |||| 00| 0 spa d | ||
| 017 | _aM.38.613-2004 | ||
| 020 | _a8484403289 | ||
| 041 | _aspa | ||
| 100 | 1 |
_aPrieto Ramiro, Rafael _929668 |
|
| 245 | 0 | 0 |
_aCáritas Adviento y Navidad 2004-2005 _b:Levántate. Escucha. Camina (Df Ez 2, 1. 8; 3,4) _cRafael Prieto Ramiro |
| 260 |
_aMadrid: _bCáritas Española, _c2004-2005 |
||
| 300 |
_a231 p. _c;21 cm. |
||
| 650 | 0 | 4 |
_aLiturgia _xNavidad y adviento _918909 |
| 942 | _cBK | ||
| 001 | 97124 | ||
| 999 |
_c255956 _d255956 |
||